00404nam a2200145Ia 4500100001900000942000700019654000700026245002100033260002500054082002000079300000800099546001200107999001700119952012200136 aShell/Stanley  cBK aPC aPC data Handbook bBPBaNew Delhic1992 a621.381954bSHE a359 aENGLISH c27394d27394 001040708CRCaCRCEbCRCEc1510 | 30d2023-03-17g75.00l0o621.381954 SHEp3974r2023-03-17v75.00w2023-03-17yBK